Statistics for Florence + The Machine Discography

Click here to take the quiz!

General Stats

  • This quiz has been taken 54 times
  • The average score is 42 of 61

Answer Stats

HintAnswer% Correct
LungsDog Days Are Over
100%
High As HopeHunger
98%
How Big, How Blue, How BeautifulHow Big, How Blue, How Beautiful
93%
CeremonialsShake It Out
91%
How Big, How Blue, How BeautifulWhat Kind Of Man
89%
LungsCosmic Love
86%
How Big, How Blue, How BeautifulDelilah
84%
How Big, How Blue, How BeautifulShip To Wreck
84%
High As HopeSouth London Forever
84%
High As HopeGrace
82%
High As HopeJune
82%
LungsKiss With A Fist
82%
High As HopePatricia
82%
CeremonialsWhat The Water Gave Me
82%
High As HopeBig God
80%
How Big, How Blue, How BeautifulQueen Of Peace
80%
CeremonialsSpectrum
80%
LungsMy Boy Builds Coffins
77%
CeremonialsOnly If For A Night
77%
CeremonialsSeven Devils
77%
How Big, How Blue, How BeautifulSt Jude
77%
LungsDrumming Song
75%
LungsHowl
75%
How Big, How Blue, How BeautifulMother
75%
CeremonialsNo Light, No Light
75%
High As HopeSky Full Of Song
75%
CeremonialsNever Let Me Go
73%
How Big, How Blue, How BeautifulThird Eye
73%
High As Hope100 Years
70%
LungsGirl With One Eye
70%
CeremonialsHeartlines
70%
LungsHurricane Drunk
70%
CeremonialsLover To Lover
70%
High As HopeThe End Of Love
70%
LungsYou've Got The Love
70%
CeremonialsAll This And Heaven Too
68%
LungsBird Song
68%
High As HopeNo Choir
68%
LungsRabbit Heart (Raise It Up)
68%
How Big, How Blue, How BeautifulWhich Witch
68%
LungsSwimming
66%
How Big, How Blue, How BeautifulVarious Storms & Saints
66%
CeremonialsBreaking Down
64%
CeremonialsLeave My Body
64%
CeremonialsBedroom Hymns
61%
How Big, How Blue, How BeautifulCaught
61%
LungsFalling
61%
LungsI'm Not Calling You A Liar
61%
How Big, How Blue, How BeautifulLong & Lost
61%
CeremonialsStrangeness And Charm
61%
LungsBlinding
59%
How Big, How Blue, How BeautifulMake Up Your Mind
57%
How Big, How Blue, How BeautifulHiding
52%
CeremonialsRemain Nameless
50%
LungsHardest Of Hearts
48%
LungsHeavy In Your Arms
43%
LungsHospital Beds
36%
LungsGhosts
34%
LungsAre You Hurting The One You Love?
27%
LungsAddicted To Love
20%
LungsBetween Two Legs
11%

Score Distribution

Percentile by Number Answered

Percent of People with Each Score

Your Score History

You have not taken this quiz